000 00547nam a22001937a 4500
008 131009b xxu||||| |||| 00| 0 ger d
020 _a3528049510
041 0 _ager
080 _a007.52
_x(075.8)
100 1 _aHesse, Stefan
245 1 0 _aRobotik :
_cStefan Hesse ; Günther Seitz
260 _aBraunschweig :
_bVieweg & Sohn ;
_c1996
300 _a171 f. :
_bme il. ;
_c23 cm.
500 _aVorwort f. : V
650 0 _aRobotët
650 0 _aAutomatët
700 1 _aSeitz, Günther
942 _2udc
_cBK
999 _c61
_d61